[Event "Ruhrgebiet-ch U16"]
[Site "Muelheim"]
[Date "2002.03.26"]
[Round "5"]
[White "Nitsch, Christopher"]
[Black "Gusseinow, Rauf"]
[Result "1/2-1/2"]
[WhiteElo "1678"]
[BlackElo "1640"]
[PlyCount "96"]
[EventDate "2002.??.??"]
[EventType "swiss"]
[EventRounds "7"]
[EventCountry "GER"]
[SourceTitle "EXT 2003"]
[Source "ChessBase"]
[SourceDate "2002.11.25"]
[SourceVersion "1"]
[SourceVersionDate "2002.11.25"]
[SourceQuality "1"]

1. d4 d5 2. c4 e6 3. Nc3 Nf6 4. cxd5 exd5 5. Qc2 Be6 6. Bg5 Nbd7 7. e3 c6 8. Bd3 Be7 9. f4 Nb6 10. Nf3 Rc8 11. 0-0 h6 12. Bh4 Ng4 13. Bxe7 Qxe7 14. Rae1 Nf6 15. e4 dxe4 16. Nxe4 Nfd5 17. f5 Nb4 18. Qd1 0-0 19. fxe6 Qxe6 20. Nc3 Qd7 21. Ne5 Qxd4+ 22. Kh1 Rcd8 23. Re4 Qd6 24. Qe2 Nxd3 25. Rd1 Qc7 26. Nxd3 Nd5 27. Nxd5 Rxd5 28. Re7 Rd7 29. Rxd7 Qxd7 30. Nc5 Qc8 31. h3 b6 32. Nb3 Re8 33. Qd2 c5 34. a4 Qa6 35. a5 Re2 36. Qd8+ Kh7 37. axb6 axb6 38. Qd7 Rf2 39. Nc1 Rf1+ 40. Kh2 Qc4 41. Qd6 Rxd1 42. Qxd1 Qf4+ 43. Kh1 g5 44. Ne2 Qf5 45. Nc3 Qe6 46. Qd3+ f5 47. Nd5 Qe1+ 48. Kh2 Qe5+ 1/2-1/2

[Event "Ruhrgebiet-ch U16"]
[Site "Muelheim"]
[Date "2002.03.23"]
[Round "1"]
[White "Tihonenkov, Nikolaj"]
[Black "Gusseinow, Rauf"]
[Result "0-1"]
[WhiteElo "1268"]
[BlackElo "1640"]
[PlyCount "114"]
[EventDate "2002.??.??"]
[EventType "swiss"]
[EventRounds "7"]
[EventCountry "GER"]
[SourceTitle "EXT 2003"]
[Source "ChessBase"]
[SourceDate "2002.11.25"]
[SourceVersion "1"]
[SourceVersionDate "2002.11.25"]
[SourceQuality "1"]

1. e4 c5 2. Bc4 e6 3. Nc3 Nc6 4. a3 Nf6 5. d3 Be7 6. Bg5 h6 7. Bh4 0-0 8. Nf3 d5 9. exd5 Nxd5 10. Bxd5 exd5 11. Bxe7 Qxe7+ 12. Qe2 Qxe2+ 13. Kxe2 Re8+ 14. Kd2 Be6 15. Rhe1 a6 16. Re2 b5 17. Rae1 Rac8 18. Nxd5 Red8 19. Nf4 Bg4 20. Re3 Na5 21. h3 Nc4+ 22. Kc1 Nxe3 23. Rxe3 Bxf3 24. Rxf3 c4 25. Re3 g5 26. Nh5 cxd3 27. c3 Kf8 28. Kd2 Rc6 29. Rxd3 Rxd3+ 30. Kxd3 Rd6+ 31. Ke2 f5 32. Ng3 Rd5 33. Ke1 Ke7 34. Ne2 Kd6 35. Nd4 Kc5 36. Kd2 a5 37. Kc2 g4 38. hxg4 fxg4 39. Ne6+ Kd6 40. Nd4 h5 41. g3 Kc5 42. Ne6+ Kb6 43. Nd4 Rd7 44. Kd3 Kc5 45. b4+ Kb6 46. Ke3 Rc7 47. Kd3 Rh7 48. Kd2 h4 49. gxh4 Rxh4 50. Nf5 Rh1 51. Ne3 Rg1 52. Nd5+ Kc6 53. Ne3 a4 54. Nd1 Kd5 55. Ne3+ Ke4 56. Ke2 g3 57. fxg3 Rxg3 0-1